Ευσεβίου Καισαρείας : άπαντα τα έργα : εκκλησιαστική ιστορία
Αποθηκεύτηκε σε:
| Κύριος συγγραφέας: | |
|---|---|
| Άλλοι συγγραφείς: | , |
| Μορφή: | Βιβλίο |
| Γλώσσα: | Greek Ancient Greek |
| Δημοσίευση: |
Θεσσαλονίκη :
Πατερικαί Εκδόσεις "Γρηγόριος ο Παλαμάς",
1977-1978
|
| Σειρά: | Έλληνες Πατέρες της Εκκλησίας ;
; 28-30 |
| Θέματα: | |
| Ετικέτες: |
Προσθήκη ετικέτας
Δεν υπάρχουν, Καταχωρήστε ετικέτα πρώτοι!
|
MARC
| LEADER | 00000cam a2200000 i 4500 | ||
|---|---|---|---|
| 001 | 1/39909 | ||
| 008 | 070112m19771978gr | ||| |||| ||gre|| | ||
| 035 | |l 10086703 | ||
| 040 | |a GR-MY-UA |b gre |e aacr | ||
| 041 | 0 | |a gre |a grc | |
| 082 | 0 | |a 270.092 |2 (22) | |
| 100 | 0 | |a Ευσέβιος ο Παμφίλου, |c π. 265-π. 339. | |
| 245 | 1 | 0 | |a Ευσεβίου Καισαρείας : |b άπαντα τα έργα : εκκλησιαστική ιστορία / |c [Ευσέβιος ο Καισαρείας] ; επόπται Παν. Κ. Χρήστου, Θεοδ. Ν. Ζήσης ; επιμεληταί Βασ. Δ. Φανουργάκης, Ελευθ. Γ. Μερετάκης |
| 260 | |a Θεσσαλονίκη : |b Πατερικαί Εκδόσεις "Γρηγόριος ο Παλαμάς", |c 1977-1978 | ||
| 300 | |a 3 τ.; |c 22 εκ. | ||
| 490 | 1 | |a Έλληνες Πατέρες της Εκκλησίας |v ; 28-30 | |
| 600 | 0 | 7 | |2 nlgaf |a Ευσέβιος ο Παμφίλου, |c π. 265-π. 339. |
| 650 | 0 | 0 | |a Christian biography. |
| 650 | 0 | 0 | |a Fathers of the church, Greek. |
| 650 | 0 | 0 | |a Apostolic Fathers. |
| 700 | 1 | |a Χρήστου, Παναγιώτης Κ. |4 edt | |
| 700 | 1 | |a Μερετάκης, Ελευθέριος. |4 edt | |
| 830 | 0 | |a Έλληνες Πατέρες της Εκκλησίας ; |v ; 28-30 | |
| 852 | |a INST |b RHODES |c KRI |e 20070112 |h 270.092 ΕΥΣ |p 005400027271 |q 005400027271 |t BK |v τ.1: |y 0 |z τ.1 | ||
| 852 | |a INST |b RHODES |c KRI |e 20070112 |h 270.092 ΕΥΣ |p 005400027295 |q 005400027295 |t BK |v τ.3: |y 0 |z τ.3 | ||
| 852 | |a INST |b RHODES |c KRI |e 20070112 |h 270.092 ΕΥΣ |p 005400027296 |q 005400027296 |t BK |v τ.2: |y 0 |z τ.2 | ||
| 853 | |a INST |b RHODES |c KRI |h 270.092 ΕΥΣ | ||
| 901 | |a BIBL4-2007-1 | ||
| 909 | |a Ρ |b 127450 | ||
| 909 | |a Ρ |b 127451 | ||
| 909 | |a Ρ |b 127452 | ||
| 970 | |a ΚΟΖΑ |b ΜΑΡΙΑ |z 2007/01/12 | ||